| 000 | 00000nam 2200000zi 4500 |
| 001 | 9.955304 |
| 003 | CaOODSP |
| 005 | 20250915091809 |
| 006 | m o d f |
| 007 | cr cn||||||||| |
| 008 | 250915e20250620onc ob f000 0 fre d |
| 040 | |aCaOODSP|bfre|erda|cCaOODSP |
| 043 | |an-cn--- |
| 086 | 1 |aRv55-8/21-1-1-2025F-PDF |
| 245 | 00|aPrivilèges douaniers accordés aux missions diplomatiques, aux postes consulaires et aux organisations internationales (n° tarifaire 9808.00.00). |
| 250 | |a[Édition de 20 juin 2025]. |
| 264 | 1|aOttawa : |bAgence des services frontaliers du Canada = Canada Border Services Agency, |c20 juin 2025. |
| 300 | |a1 ressource en ligne (17 pages non numérotées). |
| 336 | |atexte|btxt|2rdacontent/fre |
| 337 | |ainformatique|bc|2rdamedia/fre |
| 338 | |aressource en ligne|bcr|2rdacarrier/fre |
| 490 | 1 |aMémorandum, |x2369-2405 ; |vD21-1-1 |
| 500 | |aTitre de départ. |
| 500 | |aL'ISSN (2369-2391) imprimé dans cette publication est incorrect. |
| 500 | |aPublié aussi en anglais sous le titre : Customs privileges for diplomatic missions, consular posts and international organizations (tariff item no. 9808.00.00). |
| 500 | |a« Mémorandum(s) précédent(s) D21-1-1 daté le 24 octobre 2024. » |
| 504 | |aComprend des références bibliographiques. |
| 520 | |a« Le présent mémorandum décrit et explique les privilèges d'importation accordés aux représentants étrangers affectés au Canada à des missions diplomatiques, à des postes consulaires et à certaines organisations internationales accréditées par le ministère des Affaires mondiales Canada (AMC) » -- Page [1]. |
| 650 | 6|aImportations|xPolitique gouvernementale|zCanada. |
| 650 | 6|aService diplomatique et consulaire canadien. |
| 650 | 6|aDouanes|xPolitique gouvernementale|zCanada. |
| 710 | 2 |aAgence des services frontaliers du Canada, |eorganisme de publication. |
| 775 | 08|tCustoms privileges for diplomatic missions, consular posts and international organizations (tariff item no. 9808.00.00).|w(CaOODSP)9.955303 |
| 795 | |tPrivilèges douaniers accordés aux missions diplomatiques, aux postes consulaires et aux organisations internationales accréditées (numéro tarifaire 9808.00.00) |b[Édition de 4 janvier 2018]|w(CaOODSP)9.850837 |
| 830 | #0|aMémorandum (Agence des services frontaliers du Canada)|x2369-2405 ; |vD21-1-1.|w(CaOODSP)9.816826 |
| 856 | 40|qPDF|s395 Ko|uhttps://publications.gc.ca/collections/collection_2025/asfc-cbsa/Rv55-8-21-1-1-2025-fra.pdf |
| 856 | 4 |qHTML|sS.O.|uhttps://www.cbsa-asfc.gc.ca/publications/dm-md/d21/d21-1-1-fra.html |